000 00690nam a2200253Ia 4500
003 OSt
005 20221005031626.0
006 a|||||r|||| 00| 0
007 ta
008 221004b |||||||| |||| 00| 0 tam d
020 _c2.00
024 _a64868
037 _cTextual
040 _aCRL
_cCRL
_btam
041 _2tam
_atam
082 _aO157,3M61x, 31J5
100 _aKumaraswamy Tha.Naa. Tr.
_9584032
245 0 _aKaarum Kathirum
260 _aChennai
_bKalaimagal Kaariyalayam India
_c1955
300 _a152p.
_ccm.
650 _aBENGALI LITERATURE
942 _hO157,3M61x, 31J5
_cTEXL
_2cc
999 _c938115
_d938115